000
00284nam a2200121Ia 4500
008
191201s2011 xx 000 0 und d
100
_a
SAIYADAIN, Mirza S
245
0
_a
Human Resources Management
260
_a
N. Delhi
_b
TMH
_c
2011
300
_a
551
650
_a
BBA
942
_2
ddc
_c
BK
999
_c
6208
_d
6208